| 000 | 01260nab a22002057a 4500 | ||
|---|---|---|---|
| 999 |
_c6087 _d6087 |
||
| 003 | OSt | ||
| 005 | 20260121200237.0 | ||
| 008 | 190502c xxu||||| |||| 00| 0 spa d | ||
| 040 | _cPJ | ||
| 100 |
_96861 _aYáñez Mosteirin, Agustina Paz |
||
| 245 | 1 | 3 |
_aEl delito de secuestro extorsivo / _cAgustina Paz Yáñez Mosteirin. |
| 260 |
_aCiudad Autónoma de Buenos Aires : _bThomson Reuters La Ley, _c2024. |
||
| 300 | _ap. 11-22 | ||
| 505 | _aSumario: I. Bien jurídico protegido.— II. Relación de especialidad con respecto al delito de secuestro coactivo.— III. El delito de secuestro extorsivo como una variante dentro del delito de extorsión y su diferencia con el delito de robo.— IV. Tipo objetivo.— V. Tipo subjetivo: especial elemento subjetivo.— VI. Consumación del delito.— VII. Coautoría.— VIII. Agravantes.— IX. Imposibilidad de concesión de libertad condicional.— X. Cuestiones procesales. | ||
| 505 | _t¿Te interesa el texto completo? Solicitalo al correo: koha@justierradelfuego.gov.ar | ||
| 650 | 0 |
_9343 _aDERECHO PENAL |
|
| 650 | 0 |
_93228 _aSECUESTRO EXTORSIVO |
|
| 773 | 0 |
_02729 _93180 _dBuenos Aires : LexisNexis, 2006- _tRevista de derecho penal y procesal penal. Nº 8 - Agosto 2024 _z9875920622 |
|
| 942 |
_2udc _cANA |
||